00000000nam##2200000za#4500
0019.615894
003CaOODSP
00520210929082757
007ta
008150406|2002||||xxc|||||     f|0| 0 eng|d
020 |a0-662-31624-X
022 |a0830-0453
040 |aCaOODSP|beng
043 |an-cn---
0861 |aFo46-17/394E
1101 |aCanada. |bNatural Resources Canada. |bCanadian Forest Service.
24514|aThe effects of soil temperature and site preparation on subalpine and boreal tree species : |ba bibliography / |cby L. M. McKinnon, A. K. Mitchell and A. Vyse.
260 |aVictoria - British Columbia : |bNatural Resources Canada. |c2002.
300 |aiv, 29p. : |bgraphs, tables ; |c28 cm.
4901 |aInformation report. [BC-X series]|x0830-0453|vBC-X-394
563 |aSoftcover
590 |a02-19|b2002-05-10
69007|aBibliographies|2gcpds
69007|aTrees|2gcpds
69007|aSoil|2gcpds
69007|aForestry|2gcpds
7201 |aMitchell, A. K.
7201 |aMcKinnon, L. M.
7201 |aVyse, A.
7760#|tThe effects of soil temperature and site preparation on subalpine and boreal tree species : |w(CaOODSP)9.573081
830#0|aInformation report (Pacific Forestry Centre)|x0830-0453|vBC-X-394|w(CaOODSP)9.514663